Statistiques concernant Les pays avec le plus de médailles d'or en natation

Cliquez ici pour prendre le quiz!

Statistiques générales

  • Ce quiz a été pris 513 fois
  • Le résultat moyen est 12 sur 15

Statistiques - réponses

Médailles d'orPays% Correct
214Etats-Unis
100%
8France
100%
7Chine
95%
17Russie (Union soviétique)
94%
20Japon
93%
56Australie
92%
4Italie
92%
54Allemagne
91%
15Grande-Bretagne
89%
7Canada
88%
8Suède
69%
18Pays-Bas
65%
23Hongrie
59%
4Afrique du Sud
50%
4Ukraine
41%

Distribution des résultats

Percentile par nombre de réponses

% des personnes avec chaque résultat

Votre développement - résultats

Vous n’avez pas pris ce quiz